| 000 | 01514nam0a2200373 4500 | ||
|---|---|---|---|
| 001 | RU\NLR\BIBL_A\011100387 | ||
| 005 | 20260406153805.0 | ||
| 010 |
_a978-5-17-088664-7 _92000 |
||
| 021 |
_aRU _b2016-23062 _91457 |
||
| 035 | _a(NILC)RuMoRGB-008255432 | ||
| 035 | _a(NLR Aleph) 011100387 | ||
| 090 |
_a11416897 _c11416897 |
||
| 100 | _a20160412d2016 |||y0rusy50 ca | ||
| 101 | 1 |
_arus _ceng |
|
| 102 | _aRU | ||
| 105 | _ay|||z|||001zy | ||
| 200 | 1 |
_aДети Хурина. Нарн и Хин Хурин _eповесть о детях Хурина _fДж. Р. Р. Толкин _gпод ред. Кристофера Толкина _g[пер. с англ. С. Лихачевой] _gил. Алана Ли |
|
| 210 |
_aМосква _cАСТ _d2016 |
||
| 215 |
_a313, [4] с. _cил., карт. _d21 |
||
| 300 | _aЗагл. обл. и корешка: Дети Хурина | ||
| 320 | _aУказ. имен и назв.: с. 295-314 | ||
| 333 | _a12+ | ||
| 512 | 1 | _aДети Хурина | |
| 517 | 1 | _aНарн и Хин Хурин | |
| 675 | _a821.111 | ||
| 686 | 1 | _aШ6(4Вл)67-445{Лх1299-62} | |
| 700 | 1 |
_4070 _8rus _7ca _aТолкин _bД. Р. Р. _f1892-1973 _gДжон Роналд Руэл _3RU\NLR\auth\776532 _9116484 |
|
| 702 | 1 |
_4440 _8rus _7ca _aЛи _bА. _cхудожник _f1947- _gАлан _3RU\NLR\AUTH\7783533 _966461 |
|
| 801 | 0 |
_aRU _bРГБ _c20160324 _gRCR |
|
| 801 | 1 |
_aRU _bРГБ _c20160324 _2rusmarc |
|
| 942 | _cBOOK | ||
| 980 | _aNB | ||